000 00567nam a2200169 a 4500
001 000038334
005 20201002031230.0
008 100824s1980 dr a 000 0 spa d
040 _aDO-SdBNP
_bspa
_cBNPHU
082 _axxx
_bC352h
100 1 _aCastillo, Luciano
_937355
245 1 0 _aHistoria de la civilización /
_cLuciano Castillo, Rafael Nuñez.
260 _aSanto Domingo :
_bLibrería García,
_c1980.
300 _a459 p. :
_bil., retrs. ;
_c25 cm.
500 _aIncluye datos biográficos de los autores en la contraportada
700 1 _aNuñez, Rafael
_91366
999 _c37824
_d37824